| 000 | 00876aam a2200313 i 4500 | ||
|---|---|---|---|
| 001 | 768714001 | ||
| 003 | CO-MdFUSB | ||
| 005 | 20250514122941.0 | ||
| 007 | ta | ||
| 008 | 250514t1990 -us |||| |||| 00| 0 spa d | ||
| 020 | _a1-56063-014-0 | ||
| 040 | _cCO-MdFUSB | ||
| 041 | 0 |
_aspa _heng |
|
| 082 | 0 | 4 |
_a248 _223 _bV572s |
| 100 | 1 |
_aVerwer, Jorge _eautor |
|
| 240 | _aHunger for reality | ||
| 245 | 1 | 0 |
_aSed de realidad _c/ Jorge Verwer ; traducido por Liliana Bouquet de Torres |
| 264 | 1 |
_bUnilit, _aMiami, Florida, USA : _c[1990] |
|
| 264 | 4 | _c©1990 | |
| 300 | _a94 páginas | ||
| 336 |
_atexto _btxt _2rdacontent |
||
| 337 |
_2rdamedia _asin mediación _bn |
||
| 338 |
_2rdacarrier _avolumen _bnc |
||
| 563 | _aRústico | ||
| 650 | 0 |
_aVida cristiana _919 |
|
| 700 |
_aTorres, Liliana Bouquet de, _911483 _etraductor |
||
| 942 | _cBK | ||
| 945 | _aJTF-925 | ||
| 999 |
_c35620 _d35620 |
||